|
|
|
|
| LEADER |
00000nam2a2200000 4500 |
| 001 |
300794 |
| 005 |
20231102001333.0 |
| 035 |
|
|
|a (RuTPU)RU\TPU\book\325947
|
| 035 |
|
|
|a RU\TPU\book\310128
|
| 090 |
|
|
|a 300794
|
| 100 |
|
|
|a 20150716d1982 k y0rusy50 ca
|
| 101 |
0 |
|
|a rus
|
| 102 |
|
|
|a UZ
|
| 105 |
|
|
|a a z 001zy
|
| 200 |
0 |
|
|a Вып. 29 : Информационное обеспечение
|
| 210 |
|
|
|d 1984
|
| 215 |
|
|
|a 158 с.
|c ил.
|
| 320 |
|
|
|a Библиография в конце статей
|
| 461 |
|
1 |
|0 (RuTPU)RU\TPU\book\218517
|t Вопросы Республиканской автоматизированной системы управления (РАСУ)
|o сборник научных трудов
|f Академия наук Узбекской ССР (АН УзССР)
|v Вып. 29 : Информационное обеспечение
|d 1976-1990
|
| 606 |
1 |
|
|a Промышленные предприятия
|x Организация производства
|2 stltpush
|3 (RuTPU)RU\TPU\subj\52620
|9 71027
|
| 610 |
1 |
|
|a автоматизация
|
| 610 |
1 |
|
|a АСУ
|
| 610 |
1 |
|
|a автоматизированные системы управления
|
| 610 |
1 |
|
|a межотраслевые системы
|
| 610 |
1 |
|
|a теоретические проблемы
|
| 610 |
1 |
|
|a методологические проблемы
|
| 610 |
1 |
|
|a сложные системы
|
| 610 |
1 |
|
|a пассажирские перевозки
|
| 610 |
1 |
|
|a экономико-математические модели
|
| 610 |
1 |
|
|a базы данных
|
| 610 |
1 |
|
|a почвы
|
| 610 |
1 |
|
|a эрозия
|
| 610 |
1 |
|
|a микробиологическая промышленность
|
| 675 |
|
|
|a 658.5.
|v 4
|
| 801 |
|
1 |
|a RU
|b 63413507
|c 20140110
|
| 801 |
|
2 |
|a RU
|b 63413507
|c 20190530
|g RCR
|
| 942 |
|
|
|c BK
|